|
|
|
|
| LEADER |
01864nam a22004453i 4500 |
| 001 |
EBC30406568 |
| 003 |
MiAaPQ |
| 005 |
20231204023230.0 |
| 006 |
m o d | |
| 007 |
cr cnu|||||||| |
| 008 |
231204s2023 xx o ||||0 eng d |
| 020 |
|
|
|a 9789048556861
|q (electronic bk.)
|
| 020 |
|
|
|z 9789463727587
|
| 035 |
|
|
|a (MiAaPQ)EBC30406568
|
| 035 |
|
|
|a (Au-PeEL)EBL30406568
|
| 035 |
|
|
|a (OCoLC)1373344532
|
| 040 |
|
|
|a MiAaPQ
|b eng
|e rda
|e pn
|c MiAaPQ
|d MiAaPQ
|
| 100 |
1 |
|
|a Purwanto, Bambang.
|
| 245 |
1 |
0 |
|a Revolutionary Worlds :
|b Local Perspectives and Dynamics During the Indonesian Independence War, 1945-1949.
|
| 250 |
|
|
|a 1st ed.
|
| 264 |
|
1 |
|a Amsterdam :
|b Amsterdam University Press,
|c 2023.
|
| 264 |
|
4 |
|c ©2023.
|
| 300 |
|
|
|a 1 online resource (538 pages)
|
| 336 |
|
|
|a text
|b txt
|2 rdacontent
|
| 337 |
|
|
|a computer
|b c
|2 rdamedia
|
| 338 |
|
|
|a online resource
|b cr
|2 rdacarrier
|
| 490 |
1 |
|
|a Onafhankelijkheid, Dekolonisatie, Geweld en Oorlog in Indonesië 1945-1950 Series
|
| 588 |
|
|
|a Description based on publisher supplied metadata and other sources.
|
| 590 |
|
|
|a Electronic reproduction. Ann Arbor, Michigan : ProQuest Ebook Central, 2023. Available via World Wide Web. Access may be limited to ProQuest Ebook Central affiliated libraries.
|
| 655 |
|
4 |
|a Electronic books.
|
| 700 |
1 |
|
|a Frakking, Roel.
|
| 700 |
1 |
|
|a Wahid, Abdul.
|
| 700 |
1 |
|
|a van Klinken, Gerry.
|
| 700 |
1 |
|
|a Eickhoff, Martijn.
|
| 700 |
1 |
|
|a Hoogenboom, Ireen.
|
| 700 |
1 |
|
|a Yulianti.
|
| 776 |
0 |
8 |
|i Print version:
|a Purwanto, Bambang
|t Revolutionary Worlds
|d Amsterdam : Amsterdam University Press,c2023
|z 9789463727587
|
| 797 |
2 |
|
|a ProQuest (Firm)
|
| 830 |
|
0 |
|a Onafhankelijkheid, Dekolonisatie, Geweld en Oorlog in Indonesië 1945-1950 Series
|
| 856 |
4 |
0 |
|u https://ebookcentral.proquest.com/lib/matrademy/detail.action?docID=30406568
|z Click to View
|